01311nab a22002537a 4500999001500000003000400015005001700019008004100036040000700077100002900084245015500113260007200268300001300340500003900353505026600392505008900658650002600747650003000773650001800803650004400821650003600865773014300901942001301044 c5911d5911OSt20260110020656.0190605e xxu||||| |||| 00| 0 spa d cPJ 95129aSfeir, Santiago L.10aIrrenunciabilidad vs. autonomía de la voluntad. La validez de los acuerdos bilaterales de extinción del contrato de trabajo /cSantiago L. Sfeir.  aCiudad Autónoma de Buenos Aires :bThomson Reuters La Ley,c2023. ap. 61-64 aCita: TR LALEY AR/DOC/1869/2023.  aSumario: I. Introducción.— II. Disquisiciones acerca de la autonomía y los vicios de la voluntad.— III. El art. 241 LCT. Requisitos rituales para la validez de los acuerdos bilaterales de extinción del contrato de trabajo.— IV. Reflexiones finales.  t¿Te interesa el texto completo? Solicitalo al correo: koha@justierradelfuego.gov.ar 091316aDERECHO LABORAL 091323aCONTRATO DE TRABAJO 091533aDESPIDO 091486aEXTINCION DEL CONTRATO DE TRABAJO 091534aINDEMNIZACION POR DESPIDO0 0271193168dCiudad Autónoma de Buenos Aires : Thomson Reuters La Ley, 1999-2002.tRevista de derecho del trabajo. Nº 6 - Noviembre 2023 2udccANA